000
00326pab a2200145 454500
008
180718b1986 xxu||||| |||| 00| 0 eng d
100
_a
Heap, John P.
245
_a
Evaluating software packages
260
_c
1986
300
_a
24-5
362
_a
Jan.
650
_a
Computers
773
_a
Management Services
909
_a
6334
999
_c
6334
_d
6334